<?xml version="1.0" encoding="UTF-8"?>
<collection xmlns="http://www.loc.gov/MARC21/slim">
 <record>
  <leader>01633nam a22002417a 4500</leader>
  <controlfield tag="001">NCT_63642</controlfield>
  <controlfield tag="008">190419b        xxu||||| |||| 00| 0 vie d</controlfield>
  <datafield tag="999" ind1=" " ind2=" ">
   <subfield code="c">3078</subfield>
   <subfield code="d">3078</subfield>
  </datafield>
  <datafield tag="020" ind1=" " ind2=" ">
   <subfield code="a">9786048222673</subfield>
   <subfield code="c">90000</subfield>
  </datafield>
  <datafield tag="082" ind1="0" ind2="4">
   <subfield code="2">23rd ed.</subfield>
   <subfield code="a">625.1</subfield>
   <subfield code="b">Th305</subfield>
  </datafield>
  <datafield tag="100" ind1="1" ind2=" ">
   <subfield code="a">Nguyễn Hữu Thiện</subfield>
  </datafield>
  <datafield tag="245" ind1="1" ind2="0">
   <subfield code="a">Thiết kế đường ray không khe nối trên đường sắt đô thị</subfield>
   <subfield code="c">Nguyễn Hữu Thiện</subfield>
  </datafield>
  <datafield tag="260" ind1=" " ind2=" ">
   <subfield code="a">H.</subfield>
   <subfield code="b">Xây dựng</subfield>
   <subfield code="c">2017</subfield>
  </datafield>
  <datafield tag="300" ind1=" " ind2=" ">
   <subfield code="a">170 tr.</subfield>
   <subfield code="b">Hình vẽ</subfield>
   <subfield code="c">27 cm</subfield>
  </datafield>
  <datafield tag="520" ind1="3" ind2=" ">
   <subfield code="a">Sách trình bày nguyên lý thiết kế đường ray không khe nói trên đường sát đô thị, công nghệ hàn ray, lắp đặt đường rây không khe nói.</subfield>
  </datafield>
  <datafield tag="653" ind1=" " ind2=" ">
   <subfield code="a">Kỹ thuật Công trình Xây dựng</subfield>
  </datafield>
  <datafield tag="942" ind1=" " ind2=" ">
   <subfield code="2">ddc</subfield>
   <subfield code="c">BK</subfield>
  </datafield>
  <datafield tag="952" ind1=" " ind2=" ">
   <subfield code="0">0</subfield>
   <subfield code="1">0</subfield>
   <subfield code="2">ddc</subfield>
   <subfield code="4">0</subfield>
   <subfield code="6">625_100000000000000_TH305</subfield>
   <subfield code="7">0</subfield>
   <subfield code="9">16725</subfield>
   <subfield code="a">000001</subfield>
   <subfield code="b">000001</subfield>
   <subfield code="d">2019-04-19</subfield>
   <subfield code="o">625.1 Th305</subfield>
   <subfield code="p">MD.15281</subfield>
   <subfield code="r">2019-04-19</subfield>
   <subfield code="v">90000.00</subfield>
   <subfield code="w">2019-04-19</subfield>
   <subfield code="y">BK</subfield>
  </datafield>
  <datafield tag="952" ind1=" " ind2=" ">
   <subfield code="0">0</subfield>
   <subfield code="1">0</subfield>
   <subfield code="2">ddc</subfield>
   <subfield code="4">0</subfield>
   <subfield code="6">625_100000000000000_TH305</subfield>
   <subfield code="7">0</subfield>
   <subfield code="9">16726</subfield>
   <subfield code="a">000001</subfield>
   <subfield code="b">000001</subfield>
   <subfield code="d">2019-04-19</subfield>
   <subfield code="o">625.1 Th305</subfield>
   <subfield code="p">MD.15282</subfield>
   <subfield code="r">2019-04-19</subfield>
   <subfield code="v">90000.00</subfield>
   <subfield code="w">2019-04-19</subfield>
   <subfield code="y">BK</subfield>
  </datafield>
  <datafield tag="952" ind1=" " ind2=" ">
   <subfield code="0">0</subfield>
   <subfield code="1">0</subfield>
   <subfield code="2">ddc</subfield>
   <subfield code="4">0</subfield>
   <subfield code="6">625_100000000000000_TH305</subfield>
   <subfield code="7">0</subfield>
   <subfield code="9">16727</subfield>
   <subfield code="a">000001</subfield>
   <subfield code="b">000001</subfield>
   <subfield code="d">2019-04-19</subfield>
   <subfield code="o">625.1 Th305</subfield>
   <subfield code="p">MD.15283</subfield>
   <subfield code="r">2019-04-19</subfield>
   <subfield code="v">90000.00</subfield>
   <subfield code="w">2019-04-19</subfield>
   <subfield code="y">BK</subfield>
  </datafield>
  <datafield tag="952" ind1=" " ind2=" ">
   <subfield code="0">0</subfield>
   <subfield code="1">0</subfield>
   <subfield code="2">ddc</subfield>
   <subfield code="4">0</subfield>
   <subfield code="6">625_100000000000000_TH305</subfield>
   <subfield code="7">0</subfield>
   <subfield code="9">16728</subfield>
   <subfield code="a">000001</subfield>
   <subfield code="b">000001</subfield>
   <subfield code="d">2019-04-19</subfield>
   <subfield code="o">625.1 Th305</subfield>
   <subfield code="p">MD.15284</subfield>
   <subfield code="r">2019-04-19</subfield>
   <subfield code="v">90000.00</subfield>
   <subfield code="w">2019-04-19</subfield>
   <subfield code="y">BK</subfield>
  </datafield>
  <datafield tag="952" ind1=" " ind2=" ">
   <subfield code="0">0</subfield>
   <subfield code="1">0</subfield>
   <subfield code="2">ddc</subfield>
   <subfield code="4">0</subfield>
   <subfield code="6">625_100000000000000_TH305</subfield>
   <subfield code="7">0</subfield>
   <subfield code="9">16729</subfield>
   <subfield code="a">000001</subfield>
   <subfield code="b">000001</subfield>
   <subfield code="d">2019-04-19</subfield>
   <subfield code="o">625.1 Th305</subfield>
   <subfield code="p">MD.15285</subfield>
   <subfield code="r">2019-04-19</subfield>
   <subfield code="v">90000.00</subfield>
   <subfield code="w">2019-04-19</subfield>
   <subfield code="y">BK</subfield>
  </datafield>
  <datafield tag="980" ind1=" " ind2=" ">
   <subfield code="a">Thư viện Trường Đại học Nam Cần Thơ</subfield>
  </datafield>
 </record>
</collection>
